000 00553cam a22002053a 4500
001 45485
003 PGUSA
005 20140828084043.0
008 140424s2014||||xxu|||||s|||||000 | eng d
040 _aPGUSA
_beng
042 _adc
100 1 _aDean, Graham M.
245 1 4 _aThe Sky Trail
_h[electronic resource] /
_cGraham M. Dean
260 _bProject Gutenberg,
_c2014
506 _aPublic domain in the USA.
516 _aElectronic text
830 0 _aProject Gutenberg
_v45485
856 4 0 _uhttp://www.gutenberg.org/ebooks/45485
942 _cEB
999 _c274736
_d274736